00453nam a2200169Ia 4500003000400000005001700004008004100021020001500062040000900077082002000086100002000106245004000126260004700166300000900213942004600222999001500268OSt20200116113249.0190216s9999||||xx |||||||||||||| ||und|| a8172882491 coclc a658.1511bGUP/M aGupta, S P9766 0a Management Accounting /cS P Gupta bSahitya Bhawan Publications,c2003.aAgra: a704p cBK2ddch658.1511iGUP/Mk658.1511mGUP/M c4238d4238